| 000 | 00369nam a22001097a 4500 | ||
|---|---|---|---|
| 082 | _a628.5 POL'H | ||
| 100 |
_aHEPPLE, P _978303 |
||
| 245 | _aPOLLUTION PREVENTION THE PROCEEDINGS SUMMER MEETING 1968 ON THE THEME THE CONTRIBUTION OF THE PETROLEUM INDUSTRY TO THE PRVENTION OF POLLUTIO | ||
| 260 |
_aLONDON _bINSTITUTE OF PETROLEUM _c1968 |
||
| 300 | _a223P | ||
| 942 | _cBK | ||
| 999 |
_c583446 _d583446 |
||